000 00600cam a2200205 a 4500
001 000012222
005 20250509170321.0
008 790108s1976 cu 001 0 spa
040 _aDO-SdBNP
_bspa
_cLC
_dBNPHU
082 _a370
_bM378e
100 1 _aMartí, José,
_d1853-1895
_9645
245 1 0 _aEscritos sobre educación /
_cJosé Martí.
260 _aLa Habana :
_bCiencias Sociales,
_c1976.
300 _a196 p. ;
_c19 cm.
490 1 _aEdiciones políticas
650 0 _aEducación
_951588
830 0 _aEdiciones políticas
_918924
910 _aCatalogación por copia/LC
049 _aBNGR
999 _c11886
_d11886